Quiz Hérault - Statistiques

Statistiques générales
  • Ce quiz a été pris 39 fois
  • Le résultat moyen est 9 sur 12
Statistiques - réponses
Question Réponse % Correct
Quel village pittoresque de l'Hérault est célèbre pour ses ruelles fleuries et son abbaye ? Saint-Guilhem-le-désert
100%
Quelle station balnéaire est connue pour ses nombreux campings naturistes ? Le Cap d'Agde
94%
Quel fleuve traverse l'Hérault avant de se jeter dans la Méditerranée ? L'Orb
94%
Quelle fête nautique traditionnelle se déroule chaque année à Sète ? La fête des joutes
82%
Quelle célèbre grotte, connu pour ses stalactites et stalagmites, peut-on visiter dans l'Hérault ? La Grotte de Clamouse
82%
Quelle spécialité culinaire, à base de seiches, est emblématique de Sète ? La tielle
82%
Quel vestige romain célèbre se trouve dans l'Hérault à proximité de Pézenas ? La Via Domitia
82%
Quel évènement historique majeur a marqué Béziers en 1209 ? Le massacre lors de la croisade des Albigeois
71%
Quelle ville de l'Hérault est célèbre pour avoir été un grand centre de médecine au Moyen Age ? Montpellier
71%
Quelle cathédrale emblématique se trouve à Montpellier ? La cathédrale Saint-Pierre
65%
Quel est le point culminant de l'Hérault ? Le Pic Saint-Loup
59%
Quelle activité artisanale est historique dans la ville de Pézenas ? La confection de meubles
6%
Aucun quiz correspondant
Distribution des résultats
% des personnes avec chaque résultat
Percentile par nombre de réponses
Votre historique - résultats
Vous n’avez pas pris ce quiz